[Event "Chennai op 14th"]
[Site "Chennai"]
[Date "2024.01.01"]
[Round "3"]
[White "Jyotshnav, Talukdar"]
[Black "Manik, Mikulas"]
[Result "0-1"]
[WhiteElo "1744"]
[BlackElo "2343"]
[PlyCount "120"]
[EventDate "2023.12.31"]
[EventType "swiss"]
[EventRounds "10"]
[EventCountry "IND"]
[SourceTitle "CB02_2024"]
[SourceDate "2024.01.10"]
[SourceVersion "1"]
[SourceVersionDate "2024.01.10"]
[SourceQuality "1"]

1. d4 Nf6 2. Bf4 c5 3. e3 d6 4. Nf3 g6 5. Nc3 Bg7 6. dxc5 Qa5 7. Qd2 Qxc5 8. e4 0-0 9. Be3 Qb4 10. a3 Qxb2 11. Ra2 Nxe4 12. Rxb2 Bxc3 13. Qxc3 Nxc3 14. Bd3 Nc6 15. 0-0 b6 16. Rb3 Nd5 17. Bh6 Rd8 18. Be4 e6 19. Bg5 Re8 20. Bxd5 exd5 21. Rd1 Ba6 22. Re3 Rxe3 23. fxe3 Bc4 24. Bf6 Re8 25. Kf2 Ne5 26. Nxe5 dxe5 27. g4 Re6 28. g5 h5 29. h4 e4 30. Kg3 b5 31. Rb1 Ra6 32. Bb2 Kf8 33. Bd4 Ke7 34. c3 Kd6 35. Rb2 Ke7 36. Rf2 Ke8 37. Bc5 Bd3 38. Rf6 Rxf6 39. gxf6 Kd7 40. Kf4 Ke6 41. Kg5 a6 42. Bf8 Be2 43. Bc5 Bg4 44. Bb4 Bf5 45. Be7 Kd7 46. Kf4 Be6 47. Bb4 Kc6 48. Be7 Kb6 49. Bf8 Ka5 50. Ke5 Ka4 51. Kd4 Kb3 52. Bb4 g5 53. hxg5 h4 54. Bd6 h3 55. Bh2 Bf5 56. Kxd5 Kxa3 57. Kc5 Kb3 58. Be5 a5 59. Kxb5 a4 60. c4 a3 0-1